Il diritto nella Chiesa mistero di comunione: compendio di diritto ecclesiale

Zapisane w:
Opis bibliograficzny
1. autor: Ghirlanda, Gianfranco (Autor)
Format: Książka
Język:włoski
Wydane: Roma Pontificia Universita Gregoriana 1990
Hasła przedmiotowe:
Etykiety: Dodaj etykietę
Nie ma etykietki, Dołącz pierwszą etykiete!

MARC

LEADER 00000nam a2200000 a 4500
001 UCV3229
003 CL-VaPUC
008 930505e19900000IT |||||||||||||||||ita|d
082 0 4 |a 262.9  |b GHI  |2 21 
100 |a Ghirlanda, Gianfranco  |e author  |9 599467 
245 1 3 |a Il diritto nella Chiesa mistero di comunione: compendio di diritto ecclesiale 
300 |a 711 p 
942 |c BK 
945 |d 19930505 00:00:00 
260 |a Roma  |b Pontificia Universita Gregoriana  |c 1990 
650 0 |a Derecho eclesiástico  |9 255055 
583 |a last modification  |c 19930505 00:00:00  |k Rodrigo Vera 
999 |c 210522  |d 210520 
952 |0 0  |1 0  |4 0  |6 262_900000000000000_GHI_1990  |7 0  |8 A  |9 186862  |a BIBDER  |b BIBDER  |d 2019-11-14  |i 2544555  |o 262.9 GHI 1990  |p 2544555  |r 2023-01-25  |w 2019-11-14  |y BK  |k DER